[Event "II HSL Istok 2015"]
[Site "Dalj, Vukovar, Zupanja, Oraho"]
[Date "2016.04.16"]
[Round "1.55"]
[White "Fadljevic, Ivan"]
[Black "Zagorscak, Dino"]
[Result "1-0"]
[WhiteElo "1912"]
[BlackElo "1765"]
[PlyCount "99"]
[EventDate "2016.04.16"]
[EventType "tourn"]
[EventRounds "11"]
[Source "Croatia"]
[SourceDate "2016.04.16"]

1. e4 e6 2. d4 d5 3. Nd2 Nf6 4. e5 Nfd7 5. c3 c5 6. Bd3 Qb6 7. Qg4 Nc6 8. Ne2
cxd4 9. cxd4 Nb4 10. Bb1 Qc6 11. Nc3 b6 12. a3 Na6 13. Bd3 Nc7 14. Qe2 Nb8 15.
O-O Ba6 16. f4 Bxd3 17. Qxd3 g6 18. Rf3 Nd7 19. Nf1 b5 20. b3 Rc8 21. g4 b4 22.
axb4 Bxb4 23. Rxa7 O-O 24. Na2 Qb6 25. Ra4 Be7 26. Be3 Rb8 27. Nc1 Rfc8 28. f5
Nb5 29. Ne2 Rc7 30. Kg2 Rbc8 31. Bd2 Qc6 32. Ne3 Na3 33. Ra6 Qb7 34. fxe6 fxe6
35. Rxe6 Nf8 36. Ra6 Nc2 37. Nxc2 Rxc2 38. Bh6 R8c3 39. Qd1 Qxb3 40. Rxc3 Qxc3
41. Ra7 Qb2 42. Kf1 Bb4 43. Rg7+ Kh8 44. Rb7 Kg8 45. Rxb4 Qxb4 46. Qxc2 Qe7 47.
Qc6 Qf7+ 48. Nf4 g5 49. Bxg5 Ng6 50. Qxd5 1-0

[Event "II HSL Istok 2015"]
[Site "Dalj, Vukovar, Zupanja, Oraho"]
[Date "2016.04.16"]
[Round "1.61"]
[White "Basrak, Srdjan"]
[Black "Miranovic, Rajko"]
[Result "0-1"]
[WhiteElo "2269"]
[BlackElo "2401"]
[PlyCount "78"]
[EventDate "2016.04.16"]
[EventType "tourn"]
[EventRounds "11"]
[Source "Croatia"]
[SourceDate "2016.04.16"]

1. e4 c5 2. f4 d5 3. exd5 Nf6 4. Bb5+ Bd7 5. Bxd7+ Qxd7 6. c4 e6 7. Qe2 Bd6 8.
d3 O-O 9. dxe6 fxe6 10. Nf3 Nc6 11. O-O Rae8 12. Ne5 Bxe5 13. fxe5 Nd4 14. Qd1
Ng4 15. Bf4 Nc2 16. Qxg4 Nxa1 17. Nc3 Qxd3 18. Rd1 Qf5 19. Qxf5 Rxf5 20. g3 Nc2
21. Ne4 Nd4 22. Nd6 Rd8 23. Nxf5 Nf3+ 24. Kf2 Rxd1 25. Ne3 Rd2+ 26. Kxf3 Rxb2
27. a4 Ra2 28. Ke4 Rxa4 29. Kd3 Ra3+ 30. Kd2 a6 31. Nc2 Rb3 32. Be3 b6 33. Ne1
a5 34. Nd3 a4 35. Kc2 Ra3 36. h4 Ra2+ 37. Kb1 Re2 38. Bg5 Re4 39. Nf4 Kf7 0-1

[Event "II HSL Istok 2015"]
[Site "Dalj, Vukovar, Zupanja, Oraho"]
[Date "2016.04.16"]
[Round "1.62"]
[White "Pavlovic, Dragan"]
[Black "Berke, Ana"]
[Result "0-1"]
[WhiteElo "2253"]
[BlackElo "2130"]
[PlyCount "82"]
[EventDate "2016.04.16"]
[EventType "tourn"]
[EventRounds "11"]
[Source "Croatia"]
[SourceDate "2016.04.16"]

1. d4 Nf6 2. Nf3 c5 3. d5 b5 4. a4 b4 5. c4 e6 6. Bg5 h6 7. Bh4 Bb7 8. dxe6
dxe6 9. Qxd8+ Kxd8 10. Nbd2 Nbd7 11. O-O-O g5 12. Bg3 Nh5 13. Nb3 Bxf3 14. gxf3
Nxg3 15. hxg3 Kc7 16. f4 Be7 17. Bg2 Rad8 18. Na5 Nb8 19. Rxd8 Bxd8 20. fxg5
Bxg5+ 21. f4 Bf6 22. Rh5 Nd7 23. Bf3 Bd4 24. Nc6 Bf2 25. Nxa7 Bxg3 26. e3 e5
27. a5 exf4 28. Nb5+ Kd8 29. e4 f6 30. Rd5 Ke7 31. Nd6 h5 32. Bxh5 Rxh5 33.
Nf5+ Kd8 34. a6 Kc7 35. a7 Rh1+ 36. Kd2 Ra1 37. Nd6 f3 38. Nb5+ Kc6 39. Na3 Nb6
40. Rf5 bxa3 41. Rxf6+ Kb7 0-1

[Event "II HSL Istok 2015"]
[Site "Dalj, Vukovar, Zupanja, Oraho"]
[Date "2016.04.16"]
[Round "1.63"]
[White "Slivar, Darko"]
[Black "Mladenovic, Velisa"]
[Result "1/2-1/2"]
[WhiteElo "2062"]
[BlackElo "2099"]
[PlyCount "179"]
[EventDate "2016.04.16"]
[EventType "tourn"]
[EventRounds "11"]
[Source "Croatia"]
[SourceDate "2016.04.16"]

1. d4 c6 2. c4 d5 3. f3 Bf5 4. Nc3 e6 5. e4 dxe4 6. fxe4 Bg6 7. Nf3 Bb4 8. Bd3
Bh5 9. Be3 Nf6 10. h3 Qa5 11. Bd2 Bxf3 12. Qxf3 Qh5 13. g4 Qh4+ 14. Ke2 h6 15.
e5 Nh7 16. Raf1 Qe7 17. h4 Bxc3 18. bxc3 Nd7 19. a4 f6 20. exf6 gxf6 21. Bg6+
Kd8 22. Bxh6 Kc7 23. Qg3+ e5 24. c5 Nhf8 25. Bxf8 Raxf8 26. Bf5 b6 27. cxb6+
axb6 28. Kf2 Ra8 29. Bc2 Kb7 30. Re1 Qa3 31. Qd3 Qa2 32. Kg3 Rad8 33. Ra1 Qd5
34. Qf5 Qd6 35. Kh3 exd4 36. cxd4 Rxh4+ 37. Kg2 Rxh1 38. Rxh1 Qxd4 39. Rh7 Qd2+
40. Qf2 Qxf2+ 41. Kxf2 Kc7 42. Kg3 Kd6 43. Kf4 Rg8 44. Rf7 Rf8 45. Rh7 Ra8 46.
Rf7 Ke6 47. Bb3+ Kd6 48. Kf5 Ra5+ 49. Kf4 Rc5 50. Bd1 Rc1 51. Bb3 Rb1 52. Bc2
Rb4+ 53. Kf5 Rb2 54. Bd1 Rf2+ 55. Ke4 Rf1 56. Bc2 Nc5+ 57. Ke3 Ke6 58. Rc7 Kd6
59. Rf7 Nd7 60. Ke2 Rf4 61. Bf5 Ne5 62. Rxf6+ Kc5 63. g5 Rxa4 64. g6 Ra2+ 65.
Kf1 Ra7 66. Kg2 b5 67. Kg3 Kd5 68. Be6+ Kd4 69. Bf7 Nxg6 70. Bxg6 c5 71. Rf4+
Kd5 72. Rf5+ Kd4 73. Rf4+ Kc3 74. Rf3+ Kb4 75. Be8 Re7 76. Bc6 Rc7 77. Be8 c4
78. Rf5 Rc5 79. Rxc5 Kxc5 80. Kf2 b4 81. Ke1 b3 82. Kd2 Kb4 83. Bf7 c3+ 84. Kc1
Ka3 85. Kb1 Ka4 86. Kc1 Ka3 87. Kb1 c2+ 88. Kc1 Ka2 89. Be6 Ka1 90. Bxb3
1/2-1/2

[Event "II HSL Istok 2015"]
[Site "Dalj, Vukovar, Zupanja, Oraho"]
[Date "2016.04.16"]
[Round "1.64"]
[White "Masirevic, Nikola"]
[Black "Buric, Danijel"]
[Result "0-1"]
[WhiteElo "1833"]
[BlackElo "2150"]
[PlyCount "102"]
[EventDate "2016.04.16"]
[EventType "tourn"]
[EventRounds "11"]
[Source "Croatia"]
[SourceDate "2016.04.16"]

1. e4 Nf6 2. e5 Nd5 3. d4 d6 4. Nf3 Bg4 5. Be2 Bxf3 6. Bxf3 c6 7. O-O dxe5 8.
dxe5 e6 9. c4 Ne7 10. Bg5 Qc7 11. Qd6 Qxd6 12. exd6 Nf5 13. Rd1 Nd7 14. Nc3 f6
15. Be3 Nxd6 16. b3 Nf5 17. Bc1 Bb4 18. Ne2 O-O-O 19. a3 Ne5 20. Bb2 Nxf3+ 21.
gxf3 Bd2 22. Ra2 Bh6 23. Raa1 e5 24. Kg2 Rd2 25. Rxd2 Bxd2 26. Ng3 Nh4+ 27. Kf1
Rd8 28. Ke2 Bf4 29. Bc3 Bxg3 30. fxg3 Nf5 31. b4 b5 32. cxb5 cxb5 33. Rc1 Kd7
34. Bb2 Nd6 35. Rd1 Kc6 36. h3 Re8 37. Bc1 Nc4 38. h4 a5 39. Bd2 a4 40. Bc1 Re7
41. Rd8 Rc7 42. Rd1 Rd7 43. Rxd7 Kxd7 44. Kd3 Ke6 45. g4 f5 46. g5 Kd5 47. h5
e4+ 48. Ke2 g6 49. hxg6 hxg6 50. fxe4+ Kxe4 51. Kf2 Kd3 0-1

[Event "II HSL Istok 2015"]
[Site "Dalj, Vukovar, Zupanja, Oraho"]
[Date "2016.04.16"]
[Round "1.65"]
[White "Bojanic, Borislav"]
[Black "Micic, Radoslav"]
[Result "1-0"]
[WhiteElo "1921"]
[BlackElo "1870"]
[PlyCount "165"]
[EventDate "2016.04.16"]
[EventType "tourn"]
[EventRounds "11"]
[Source "Croatia"]
[SourceDate "2016.04.16"]

1. d4 d5 2. c4 Nf6 3. Nc3 Bf5 4. Nf3 e6 5. Ne5 Be7 6. Qa4+ Nbd7 7. cxd5 exd5 8.
e3 O-O 9. Be2 Nxe5 10. dxe5 Ne8 11. O-O c6 12. Rd1 Qc7 13. f4 Bc5 14. Qb3 a5
15. Na4 Ba7 16. Bd2 b5 17. Nc3 Bc5 18. Re1 Qb6 19. Bf3 Nc7 20. Kh1 a4 21. Qd1
Rad8 22. Qe2 f6 23. exf6 Rxf6 24. Nd1 Re8 25. Qf1 b4 26. g4 Be4 27. Bxe4 dxe4
28. Qc4+ Kh8 29. Rc1 Bf8 30. Nf2 Rfe6 31. f5 Rd6 32. Bxb4 Rh6 33. Bxf8 Rxf8 34.
Qc5 Rb8 35. Qxb6 Rxb6 36. Rc2 Nd5 37. a3 Rb3 38. Nxe4 Nxe3 39. Rce2 Nxg4 40.
Nc5 Re3 41. Rxe3 Nxe3 42. Rxe3 Kg8 43. Nxa4 Rd6 44. Re2 Kf7 45. Kg2 Rd5 46. Rf2
Kf6 47. Nc3 Rd4 48. h3 Kg5 49. Ne2 Rd2 50. Ng3 Rd4 51. Rc2 h5 52. Re2 h4 53. f6
gxf6 54. Ne4+ Kf5 55. Nc3 Kf4 56. Rc2 Ke5 57. Re2+ Kf4 58. a4 c5 59. a5 Rd6 60.
Re4+ Kg5 61. Re2 Ra6 62. Ne4+ Kf5 63. Nxc5 Rxa5 64. Nd3 Kg5 65. Rc2 Ra2 66. Kf3
Ra1 67. Rc5+ f5 68. Nf2 Rb1 69. Rb5 Rc1 70. Ne4+ Kg6 71. Rb6+ Kh5 72. Nf6+ Kg5
73. Nh7+ Kh5 74. Nf6+ Kg5 75. Nh7+ Kh5 76. Kf4 Rf1+ 77. Ke5 f4 78. Kf5 f3 79.
Nf6+ Kh6 80. Ng4+ Kg7 81. Rb7+ Kf8 82. Kf4 Rh1 83. Nf2 1-0

[Event "II HSL Istok 2015"]
[Site "Dalj, Vukovar, Zupanja, Oraho"]
[Date "2016.04.16"]
[Round "2.11"]
[White "Bosnjak, Petar"]
[Black "Miranovic, Rajko"]
[Result "0-1"]
[WhiteElo "2310"]
[BlackElo "2401"]
[PlyCount "118"]
[EventDate "2016.04.16"]
[EventType "tourn"]
[EventRounds "11"]
[Source "Croatia"]
[SourceDate "2016.04.16"]

1. e4 c5 2. Nf3 d6 3. d4 cxd4 4. Nxd4 Nf6 5. Nc3 a6 6. h3 h5 7. g3 b5 8. Bg2
Bb7 9. O-O e6 10. Re1 e5 11. Nf5 g6 12. Ne3 Nbd7 13. Ned5 Nxd5 14. Nxd5 Nb6 15.
Nxb6 Qxb6 16. Be3 Qc7 17. a4 bxa4 18. Rxa4 Be7 19. Qd2 O-O 20. c3 Bc6 21. Raa1
a5 22. Bh6 Rfb8 23. Rab1 a4 24. Bf1 Bd7 25. Bg5 Be6 26. Bxe7 Qxe7 27. Ra1 Ra7
28. Red1 Kg7 29. Ra3 Rb6 30. Rda1 Bb3 31. Qe3 Rab7 32. Qd2 Qf6 33. h4 Bc2 34.
R1a2 Bxe4 35. Qe3 Bc6 36. Bg2 d5 37. Qd2 Qe6 38. Qe2 Rb8 39. Qd2 Rd8 40. Qe1
Be8 41. Kh2 d4 42. cxd4 Rxd4 43. Qe3 Qd6 44. Rc3 Bd7 45. Qg5 Be6 46. Ra1 Rd2
47. Rf3 Bg4 48. Rf6 Qxf6 49. Qxd2 e4 50. Ra2 Be6 51. Rxa4 Rxb2 52. Qf4 Qxf4 53.
gxf4 Rxf2 54. Kg3 e3 55. Bf3 Rf1 56. Ra3 Bd5 57. Be2 Rg1+ 58. Kh3 Re1 59. Bb5
e2 0-1

[Event "II HSL Istok 2015"]
[Site "Dalj, Vukovar, Zupanja, Oraho"]
[Date "2016.04.16"]
[Round "2.12"]
[White "Pavlovic, Dragan"]
[Black "Milurovic, Uros"]
[Result "1-0"]
[WhiteElo "2253"]
[BlackElo "2098"]
[PlyCount "83"]
[EventDate "2016.04.16"]
[EventType "tourn"]
[EventRounds "11"]
[Source "Croatia"]
[SourceDate "2016.04.16"]

1. d4 Nf6 2. Nf3 e6 3. Bg5 h6 4. Bh4 c5 5. e3 cxd4 6. exd4 Be7 7. Bd3 b6 8. O-O
Bb7 9. Re1 d6 10. c4 Nbd7 11. Nc3 O-O 12. Rc1 Re8 13. b4 a6 14. a4 Rc8 15. Qe2
Qc7 16. Nd2 e5 17. Bxf6 Bxf6 18. Nd5 Bxd5 19. cxd5 Qxc1 20. Rxc1 Rxc1+ 21. Nf1
Ra1 22. Bxa6 Re7 23. Qb2 Rxa4 24. Bb5 Ra7 25. dxe5 Rxe5 26. Qd2 Re7 27. g3 Ne5
28. Kg2 Nd7 29. Ne3 Bg5 30. f4 Bf6 31. Nf5 Re4 32. Bd3 Re8 33. Nxd6 Rea8 34.
Bc4 Ra3 35. Nb5 Ra1 36. d6 Rb1 37. Qd5 Rf8 38. Na7 Rxb4 39. Nc6 Rb2+ 40. Kh3
Nc5 41. Ne7+ Kh8 42. Qf5 1-0

[Event "II HSL Istok 2015"]
[Site "Dalj, Vukovar, Zupanja, Oraho"]
[Date "2016.04.16"]
[Round "2.13"]
[White "Vlahov, Hrvoje"]
[Black "Mladenovic, Velisa"]
[Result "1-0"]
[WhiteElo "2157"]
[BlackElo "2099"]
[PlyCount "119"]
[EventDate "2016.04.16"]
[EventType "tourn"]
[EventRounds "11"]
[Source "Croatia"]
[SourceDate "2016.04.16"]

1. e4 c6 2. d4 d5 3. Nc3 dxe4 4. Nxe4 Nf6 5. Nxf6+ gxf6 6. Nf3 Bg4 7. Be2 Bg7
8. h3 Bh5 9. Be3 f5 10. Qd2 e6 11. O-O-O Nd7 12. Bh6 Bf6 13. Kb1 Qe7 14. Bf4
Rg8 15. g3 Bxf3 16. Bxf3 Bg5 17. Rhe1 Bxf4 18. Qxf4 Nb6 19. Re3 Qg5 20. Qc7 Qe7
21. Qf4 Qg5 22. Qxg5 Rxg5 23. Ree1 Ke7 24. c3 Rd8 25. Kc2 Nd5 26. c4 Nc7 27.
Kc3 Rgg8 28. b4 a6 29. a4 Rb8 30. a5 Kd6 31. Kb3 h6 32. Re5 Rge8 33. Rde1 f6
34. R5e2 e5 35. c5+ Ke6 36. dxe5 fxe5 37. Rxe5+ Kf6 38. Rxe8 Nxe8 39. Rd1 Ke7
40. Kc4 Nc7 41. Rd6 Ne6 42. h4 Rg8 43. Kc3 Rg7 44. Be2 Rg8 45. Bc4 Rg6 46. h5
Rf6 47. Bxe6 Rxe6 48. Rxe6+ Kxe6 49. Kd4 Kf6 50. f3 Ke6 51. f4 Kf6 52. Ke3 Ke6
53. Kf3 Kf7 54. g4 Kf6 55. gxf5 Kxf5 56. Ke3 Ke6 57. Ke4 Kf6 58. f5 Kg5 59. Ke5
Kxh5 60. f6 1-0

[Event "II HSL Istok 2015"]
[Site "Dalj, Vukovar, Zupanja, Oraho"]
[Date "2016.04.16"]
[Round "2.14"]
[White "Milosevic, Milutin"]
[Black "Pavlovic, Zeljko"]
[Result "1-0"]
[WhiteElo "2055"]
[BlackElo "2031"]
[PlyCount "120"]
[EventDate "2016.04.16"]
[EventType "tourn"]
[EventRounds "11"]
[Source "Croatia"]
[SourceDate "2016.04.16"]

1. d4 Nf6 2. Nf3 d6 3. c4 Nbd7 4. Nc3 e5 5. Bg5 Be7 6. Qc2 c6 7. e3 O-O 8. Be2
Re8 9. Rd1 Qc7 10. O-O Nf8 11. Bh4 Bg4 12. Bg3 Nh5 13. dxe5 Nxg3 14. hxg3 dxe5
15. Rd2 Rad8 16. Rfd1 Rxd2 17. Rxd2 Rd8 18. Rxd8 Bxd8 19. Qe4 Bxf3 20. gxf3 Qd6
21. Qc2 Ne6 22. Ne4 Qd7 23. c5 Be7 24. b4 f5 25. Nc3 g6 26. Bc4 Kg7 27. Kg2 Nf8
28. Qb3 Bf6 29. e4 Bg5 30. Ne2 fxe4 31. fxe4 Qe7 32. Qd3 Ne6 33. Bb3 Qd8 34.
Qc4 Nd4 35. Qf7+ Kh6 36. Ng1 Qe7 37. Qc4 Bf6 38. Nf3 Nxf3 39. Kxf3 Qd7 40. Kg2
Bg5 41. a4 Qd4 42. Qxd4 exd4 43. f4 Be7 44. a5 Bd8 45. Be6 Bc7 46. Bd7 g5 47.
Kf3 gxf4 48. gxf4 Kg7 49. e5 h5 50. Ke4 b6 51. axb6 axb6 52. Kxd4 h4 53. Bxc6
h3 54. Bh1 bxc5+ 55. bxc5 Kf7 56. f5 h2 57. Kd5 Ke7 58. Ke4 Kf7 59. Kd4 Ke7 60.
Bd5 Bb8 1-0

[Event "II HSL Istok 2015"]
[Site "Dalj, Vukovar, Zupanja, Oraho"]
[Date "2016.04.16"]
[Round "2.15"]
[White "Majer, Zvonimir"]
[Black "Masirevic, Miroljub"]
[Result "1/2-1/2"]
[WhiteElo "1866"]
[BlackElo "1894"]
[PlyCount "63"]
[EventDate "2016.04.16"]
[EventType "tourn"]
[EventRounds "11"]
[Source "Croatia"]
[SourceDate "2016.04.16"]

1. d4 Nf6 2. Nf3 d5 3. c4 c6 4. e3 Bg4 5. Bd3 e6 6. Nc3 Bb4 7. Bd2 Nbd7 8. O-O
O-O 9. Ne2 Bd6 10. Ng3 Bxg3 11. fxg3 e5 12. Be2 e4 13. Ne1 Be6 14. c5 h6 15. b4
a6 16. a4 Qc8 17. a5 Nh7 18. h3 Qc7 19. Kh2 f5 20. Nc2 Rf6 21. Qe1 Raf8 22. Qf2
g5 23. Kh1 Bf7 24. Be1 Bg6 25. Qg1 R8f7 26. Qh2 Nhf8 27. Bd2 Ne6 28. Rf2 Ndf8
29. Raf1 h5 30. h4 g4 31. Kg1 Qe7 32. Kh1 1/2-1/2

[Event "II HSL Istok 2015"]
[Site "Dalj, Vukovar, Zupanja, Oraho"]
[Date "2016.04.16"]
[Round "2.31"]
[White "Rosic, Slavko"]
[Black "Lalic, Kristijan"]
[Result "0-1"]
[WhiteElo "2253"]
[BlackElo "2273"]
[PlyCount "120"]
[EventDate "2016.04.16"]
[EventType "tourn"]
[EventRounds "11"]
[Source "Croatia"]
[SourceDate "2016.04.16"]

1. e4 c5 2. Nf3 d6 3. d4 cxd4 4. Nxd4 Nf6 5. Nc3 g6 6. f3 Bg7 7. Be3 O-O 8. Bc4
Nc6 9. Qd2 Nxd4 10. Bxd4 Be6 11. Nd5 Bxd5 12. Bxd5 Nxd5 13. Bxg7 Kxg7 14. Qxd5
Qb6 15. O-O-O Rac8 16. Qd4+ Qxd4 17. Rxd4 Rc5 18. Rhd1 Rfc8 19. R1d2 R8c7 20.
c3 Rc4 21. Kc2 Rxd4 22. Rxd4 Kf6 23. b4 h5 24. a4 Ke6 25. Kd3 Rc8 26. Rd5 Rc6
27. Rb5 Rc7 28. c4 Kd7 29. e5 dxe5 30. Rxe5 Rc6 31. c5 Rf6 32. Re4 Rf5 33. Kc4
e6 34. b5 Kc7 35. h4 Rd5 36. g4 hxg4 37. fxg4 Rd1 38. h5 gxh5 39. Rf4 hxg4 40.
Rxf7+ Rd7 41. Rf6 Rg7 42. Rxe6 g3 43. Re1 g2 44. Rg1 Rg4+ 45. Kd5 Kd7 46. a5 a6
47. c6+ bxc6+ 48. bxc6+ Kc7 49. Kc5 Rg5+ 50. Kd4 Kxc6 51. Ke3 Kb5 52. Kf2 Kxa5
53. Ra1+ Kb4 54. Kg1 a5 55. Rb1+ Kc3 56. Rc1+ Kb2 57. Rc7 a4 58. Rb7+ Kc3 59.
Rc7+ Kb2 60. Rb7+ Ka2 0-1

[Event "II HSL Istok 2015"]
[Site "Dalj, Vukovar, Zupanja, Oraho"]
[Date "2016.04.16"]
[Round "2.32"]
[White "Spoljar, Marijan"]
[Black "Babic, Andrija"]
[Result "1-0"]
[WhiteElo "2237"]
[BlackElo "2069"]
[PlyCount "119"]
[EventDate "2016.04.16"]
[EventType "tourn"]
[EventRounds "11"]
[Source "Croatia"]
[SourceDate "2016.04.16"]

1. e4 c5 2. Nf3 d6 3. d4 cxd4 4. Nxd4 Nf6 5. Nc3 a6 6. f3 e6 7. Be3 b5 8. Qd2
Be7 9. g4 Bb7 10. O-O-O Nfd7 11. Kb1 Nb6 12. Bd3 N8d7 13. f4 b4 14. Nce2 d5 15.
exd5 Nxd5 16. Rhf1 N7f6 17. g5 Nxe3 18. Qxe3 Nd5 19. Qh3 Qb6 20. g6 Bf6 21.
gxf7+ Kxf7 22. Bc4 Rhe8 23. f5 e5 24. Nb3 Rad8 25. Qxh7 Ke7 26. Qg6 Rh8 27.
Bxd5 Bxd5 28. Qg3 Bc4 29. Rxd8 Rxd8 30. Qg4 Qb5 31. Nbc1 a5 32. Re1 Kf8 33. Ng3
Rd4 34. Re4 a4 35. Rxd4 exd4 36. Ne4 Be5 37. Nd2 Bd5 38. Nd3 Bf6 39. Qg3 Qb7
40. Nf4 Bf7 41. Qf3 Qxf3 42. Nxf3 b3 43. cxb3 axb3 44. axb3 Bxb3 45. Kc1 Ke7
46. Kd2 Kd6 47. Kd3 Ba2 48. Nxd4 Bb1+ 49. Kc4 Be5 50. Nh5 Ba2+ 51. Kd3 Bb1+ 52.
Kc4 Ba2+ 53. b3 Bxh2 54. Nxg7 Ke7 55. Nh5 Bd6 56. Nb5 Be5 57. Nc3 Bxc3 58. Kxc3
Bb1 59. Ng3 Kf6 60. Kd4 1-0

[Event "II HSL Istok 2015"]
[Site "Dalj, Vukovar, Zupanja, Oraho"]
[Date "2016.04.16"]
[Round "2.33"]
[White "Egerc, Josip"]
[Black "Sargac, Rajna"]
[Result "1-0"]
[WhiteElo "2029"]
[BlackElo "2174"]
[PlyCount "111"]
[EventDate "2016.04.16"]
[EventType "tourn"]
[EventRounds "11"]
[Source "Croatia"]
[SourceDate "2016.04.16"]

1. e4 e6 2. Nf3 d5 3. exd5 exd5 4. d4 Nf6 5. h3 c5 6. Bb5+ Bd7 7. Qe2+ Be7 8.
O-O O-O 9. dxc5 Bxc5 10. Bg5 Re8 11. Qd3 Qb6 12. Bxd7 Nbxd7 13. Nc3 Ne4 14. Nd1
Ng3 15. Re1 Rxe1+ 16. Nxe1 Ne4 17. Be3 Bxe3 18. Qxe3 Rc8 19. Qxb6 Nxb6 20. b3
d4 21. f3 Nc5 22. Nb2 a5 23. Rd1 Ne6 24. Kf2 Nd5 25. Rd2 Nc3 26. a4 Kf8 27. Nc4
Rxc4 28. bxc4 Nxa4 29. Rd1 Nac5 30. Nd3 Nxd3+ 31. cxd3 Ke7 32. Rb1 Nc5 33. Ke2
Kd6 34. Rb6+ Kc7 35. Rb5 b6 36. Kd2 Kc6 37. Rb1 a4 38. Kc2 h5 39. h4 g6 40. g4
Nb3 41. Re1 Kd6 42. gxh5 gxh5 43. Re8 Nc5 44. Rh8 a3 45. Ra8 Ke5 46. Kd2 Nb3+
47. Kd1 Kf4 48. Rxa3 Nc5 49. Ke2 Kg3 50. Ra7 f5 51. Rg7+ Kxh4 52. Rg6 Na4 53.
f4 b5 54. cxb5 Nc3+ 55. Kf3 Nxb5 56. Rg1 1-0

[Event "II HSL Istok 2015"]
[Site "Dalj, Vukovar, Zupanja, Oraho"]
[Date "2016.04.16"]
[Round "2.34"]
[White "Cubelic, Milan"]
[Black "Lesic, Krunoslav"]
[Result "1-0"]
[WhiteElo "2100"]
[BlackElo "2010"]
[PlyCount "179"]
[EventDate "2016.04.16"]
[EventType "tourn"]
[EventRounds "11"]
[Source "Croatia"]
[SourceDate "2016.04.16"]

1. e4 e6 2. d3 g6 3. g3 Bg7 4. Bg2 c5 5. Ne2 Nc6 6. c4 Nge7 7. Nbc3 O-O 8. O-O
b6 9. Be3 Bb7 10. Qd2 Ne5 11. h3 d6 12. f4 N5c6 13. d4 cxd4 14. Nxd4 Nxd4 15.
Bxd4 e5 16. Be3 f5 17. Rad1 fxe4 18. Nxe4 Nf5 19. Nxd6 Bxg2 20. Kxg2 Qxd6 21.
Qxd6 Nxd6 22. Rxd6 exf4 23. Bd4 fxg3 24. Rxf8+ Bxf8 25. Rd7 h5 26. Kxg3 Bh6 27.
b3 Bf8 28. a4 Bh6 29. h4 Bc1 30. Rg7+ Kf8 31. Rh7 Re8 32. Rh8+ Kf7 33. Rh7+ Ke6
34. Rxa7 Rd8 35. Bxb6 Rd3+ 36. Kg2 Rxb3 37. a5 Rb4 38. Rc7 g5 39. hxg5 Bxg5 40.
Rc6+ Kd7 41. Rg6 Bf4 42. c5 Ra4 43. c6+ Ke7 44. Kf3 h4 45. Rg4 h3 46. c7 h2 47.
Rh4 Ra3+ 48. Kg4 Bxc7 49. Bxc7 Ra4+ 50. Bf4 Rxa5 51. Rxh2 Kf6 52. Rc2 Ra6 53.
Rh2 Ra4 54. Rh6+ Kg7 55. Rb6 Kf7 56. Kf5 Ke7 57. Rb7+ Kd8 58. Bd6 Kc8 59. Rc7+
Kd8 60. Rh7 Ra1 61. Ke6 Re1+ 62. Be5 Kc8 63. Rc7+ Kd8 64. Rb7 Rc1 65. Rb8+ Rc8
66. Rb7 Rc1 67. Rh7 Kc8 68. Bd6 Re1+ 69. Kd5 Rd1+ 70. Kc6 Rc1+ 71. Bc5 Rd1 72.
Ra7 Kb8 73. Rh7 Kc8 74. Ra7 Kb8 75. Rb7+ Kc8 76. Rb5 Rc1 77. Ra5 Kb8 78. Kd7
Kb7 79. Rb5+ Ka6 80. Kc6 Rh1 81. Rb2 Rh6+ 82. Bd6 Rh5 83. Rb3 Ra5 84. Rb6+ Ka7
85. Kc7 Ka8 86. Rb8+ Ka7 87. Rb3 Ka6 88. Kc6 Ka7 89. Bc5+ Ka8 90. Rh3 1-0

[Event "II HSL Istok 2015"]
[Site "Dalj, Vukovar, Zupanja, Oraho"]
[Date "2016.04.16"]
[Round "2.35"]
[White "Zivkovic, Zvonimir"]
[Black "Sedic, Mijo"]
[Result "1-0"]
[WhiteElo "1648"]
[BlackElo "2086"]
[PlyCount "35"]
[EventDate "2016.04.16"]
[EventType "tourn"]
[EventRounds "11"]
[Source "Croatia"]
[SourceDate "2016.04.16"]

1. d4 e6 2. c4 Nf6 3. Nf3 d6 4. Nc3 g6 5. e4 Bg7 6. Bf4 a6 7. Be2 O-O 8. h3 b6
9. O-O Bb7 10. e5 Ne8 11. Nh2 Nd7 12. Bf3 Qc8 13. Re1 Bxf3 14. Qxf3 Ra7 15. Ng4
c5 16. dxc5 Qxc5 17. Ne4 Qc6 18. Nef6+ 1-0

[Event "II HSL Istok 2015"]
[Site "Dalj, Vukovar, Zupanja, Oraho"]
[Date "2016.04.16"]
[Round "2.36"]
[White "Fadljevic, Ivan"]
[Black "Vukojevic, Toni"]
[Result "1-0"]
[WhiteElo "1912"]
[BlackElo "1513"]
[PlyCount "95"]
[EventDate "2016.04.16"]
[EventType "tourn"]
[EventRounds "11"]
[Source "Croatia"]
[SourceDate "2016.04.16"]

1. e4 e5 2. Nf3 Nc6 3. Bb5 Nge7 4. c3 d6 5. h3 Bd7 6. d4 f6 7. d5 Nb8 8. Bd3 c6
9. c4 g6 10. O-O Bg7 11. Nc3 O-O 12. Nh2 Na6 13. a3 Nc5 14. Bc2 f5 15. b4 Na6
16. Bg5 h6 17. Bxe7 Qxe7 18. Ra2 Nc7 19. dxc6 Bxc6 20. exf5 gxf5 21. b5 Bd7 22.
Bb3 Kh8 23. Rd2 e4 24. Nd5 Nxd5 25. Rxd5 Rf6 26. a4 b6 27. Qd2 f4 28. Rd1 Bf8
29. Qd4 Kh7 30. Bc2 Bf5 31. Rxf5 Rxf5 32. Qxe4 Qg5 33. Qxa8 Kg7 34. Bxf5 Qxf5
35. Qxa7+ Kh8 36. Qxb6 Qc2 37. Qd4+ Kh7 38. a5 Qa4 39. a6 Qa5 40. a7 Qd8 41.
Qe4+ Kh8 42. a8=Q Qxa8 43. Qxa8 Kg7 44. Qe8 Kg8 45. Rd4 Kg7 46. Rxf4 Kh7 47.
Rxf8 Kg7 48. Qf7# 1-0

[Event "II HSL Istok 2015"]
[Site "Dalj, Vukovar, Zupanja, Oraho"]
[Date "2016.04.16"]
[Round "2.41"]
[White "Saric, Sinisa"]
[Black "Stipandic, Marko"]
[Result "1-0"]
[WhiteElo "2437"]
[BlackElo "2049"]
[PlyCount "53"]
[EventDate "2016.04.16"]
[EventType "tourn"]
[EventRounds "11"]
[Source "Croatia"]
[SourceDate "2016.04.16"]

1. d4 Nf6 2. c4 g6 3. Nc3 Bg7 4. e4 O-O 5. Nf3 d6 6. Be2 Nc6 7. d5 Nb8 8. O-O
c5 9. h3 Nbd7 10. Bf4 Ne8 11. Qd2 Ne5 12. Rfe1 Nxf3+ 13. Bxf3 Nf6 14. e5 dxe5
15. Bxe5 Bd7 16. Rad1 Qb6 17. Qf4 Ne8 18. Bxg7 Nxg7 19. Rxe7 Qxb2 20. Ne4 Ba4
21. Nf6+ Kh8 22. Rxb7 Qc3 23. Rc1 Qd4 24. Qxd4 cxd4 25. Rb4 Be8 26. c5 Nf5 27.
Be4 1-0

[Event "II HSL Istok 2015"]
[Site "Dalj, Vukovar, Zupanja, Oraho"]
[Date "2016.04.16"]
[Round "2.42"]
[White "Cindric, Ivica"]
[Black "Licina, Zoran"]
[Result "0-1"]
[WhiteElo "2012"]
[BlackElo "2204"]
[PlyCount "70"]
[EventDate "2016.04.16"]
[EventType "tourn"]
[EventRounds "11"]
[Source "Croatia"]
[SourceDate "2016.04.16"]

1. e4 c5 2. Nf3 d6 3. d4 cxd4 4. Nxd4 Nf6 5. Nc3 a6 6. Bg5 e6 7. f4 Be7 8. Qf3
Qc7 9. O-O-O Nbd7 10. g4 h6 11. Bxf6 Bxf6 12. f5 Ne5 13. Qg2 Bd7 14. Kb1 g5 15.
Rd2 Qb6 16. Nb3 Rc8 17. Nd1 a5 18. Bd3 a4 19. Nc1 a3 20. Qg1 Qxg1 21. Rxg1 Nf3
22. Rgg2 Nxd2+ 23. Rxd2 axb2 24. Nxb2 Bc3 25. Rg2 b5 26. Ne2 Be5 27. Nd1 Ke7
28. c3 h5 29. Nd4 hxg4 30. Rxg4 Rxh2 31. Nf3 Rh1 32. Nxe5 dxe5 33. Kc2 Ra8 34.
Rxg5 Rxa2+ 35. Kb3 Rxd1 0-1

[Event "II HSL Istok 2015"]
[Site "Dalj, Vukovar, Zupanja, Oraho"]
[Date "2016.04.16"]
[Round "2.43"]
[White "Ljikar, Zoran"]
[Black "Vidalina, Franja"]
[Result "1-0"]
[WhiteElo "2253"]
[BlackElo "2059"]
[PlyCount "77"]
[EventDate "2016.04.16"]
[EventType "tourn"]
[EventRounds "11"]
[Source "Croatia"]
[SourceDate "2016.04.16"]

1. e4 c5 2. Nc3 Nc6 3. g3 g6 4. Bg2 Bg7 5. d3 e6 6. Be3 d6 7. Qd2 Nge7 8. Bh6
O-O 9. h4 Nd4 10. Bxg7 Kxg7 11. h5 Rh8 12. h6+ Kf8 13. Nce2 Nec6 14. c3 Nxe2
15. Nxe2 e5 16. O-O Bg4 17. f3 Be6 18. Rf2 g5 19. d4 Bc4 20. d5 Nb8 21. Bh3
Bxe2 22. Qxe2 a6 23. a3 Qf6 24. Rh2 Ke7 25. Bf5 Nd7 26. Qe3 Nb6 27. Rd1 Nc4 28.
Qc1 b5 29. Rh5 Rag8 30. b3 Nb6 31. Qe3 Kd8 32. Qf2 Kc7 33. a4 Nd7 34. b4 Ra8
35. a5 Rhb8 36. Qe3 Rg8 37. Kf2 c4 38. Rdh1 Rh8 39. Rxg5 1-0